|
|
|
|
| LEADER |
00000caa a22000002c 4500 |
| 001 |
1639414509 |
| 003 |
DE-627 |
| 005 |
20220608124954.0 |
| 007 |
tu |
| 008 |
160223s1994 xx ||||| 00| ||eng c |
| 035 |
|
|
|a (DE-627)1639414509
|
| 035 |
|
|
|a (DE-576)455859043
|
| 035 |
|
|
|a (DE-599)BSZ455859043
|
| 040 |
|
|
|a DE-627
|b ger
|c DE-627
|e rakwb
|
| 041 |
|
|
|a eng
|
| 100 |
1 |
|
|a Fujimoto, T.
|4 aut
|
| 245 |
1 |
0 |
|a Is Japan exceptional? Reconsidering Japanese crime rates
|c T. Fujimoto, W. Park
|
| 264 |
|
1 |
|c 1994
|
| 336 |
|
|
|a Text
|b txt
|2 rdacontent
|
| 337 |
|
|
|a ohne Hilfsmittel zu benutzen
|b n
|2 rdamedia
|
| 338 |
|
|
|a Band
|b nc
|2 rdacarrier
|
| 700 |
1 |
|
|a Park, W.
|4 aut
|
| 773 |
0 |
8 |
|i In
|t Social justice
|d San Francisco, Calif. : Social Justice, 1988
|g 21(1994), 2, Seite 110-135
|w (DE-627)130413208
|w (DE-600)623137-8
|w (DE-576)01824503X
|x 1043-1578
|7 nnas
|
| 773 |
1 |
8 |
|g volume:21
|g year:1994
|g number:2
|g pages:110-135
|
| 935 |
|
|
|a mkri
|
| 951 |
|
|
|a AR
|
| ELC |
|
|
|b 1
|
| LOK |
|
|
|0 000 xxxxxcx a22 zn 4500
|
| LOK |
|
|
|0 001 3299989995
|
| LOK |
|
|
|0 003 DE-627
|
| LOK |
|
|
|0 004 1639414509
|
| LOK |
|
|
|0 005 20160223095402
|
| LOK |
|
|
|0 008 160208||||||||||||||||ger|||||||
|
| LOK |
|
|
|0 040
|a DE-21-110
|c DE-627
|d DE-21-110
|
| LOK |
|
|
|0 689
|a s
|a Japan
|
| LOK |
|
|
|0 689
|a s
|a Kriminalität
|
| LOK |
|
|
|0 852
|z Kein Bestand am IfK; Nachweis für KrimDok
|
| LOK |
|
|
|0 852
|a DE-21-110
|
| LOK |
|
|
|0 852 1
|m v
|9 00
|
| LOK |
|
|
|0 935
|a k110
|
| LOK |
|
|
|0 938
|k v
|
| LOK |
|
|
|0 939
|a 08-02-16
|b l01
|
| ORI |
|
|
|a SA-MARC-krimdoka001.raw
|